<?xml version="1.0" encoding="UTF-8"?><?xml-stylesheet type="text/xsl" href="static/style.xsl"?><OAI-PMH xmlns="http://www.openarchives.org/OAI/2.0/" xmlns:xsi="http://www.w3.org/2001/XMLSchema-instance" xsi:schemaLocation="http://www.openarchives.org/OAI/2.0/ http://www.openarchives.org/OAI/2.0/OAI-PMH.xsd"><responseDate>2026-04-13T15:05:01Z</responseDate><request verb="GetRecord" identifier="oai:www.recercat.cat:2117/439317" metadataPrefix="marc">https://recercat.cat/oai/request</request><GetRecord><record><header><identifier>oai:recercat.cat:2117/439317</identifier><datestamp>2025-07-27T16:51:44Z</datestamp><setSpec>com_2072_1033</setSpec><setSpec>col_2072_452951</setSpec></header><metadata><record xmlns="http://www.loc.gov/MARC21/slim" xmlns:dcterms="http://purl.org/dc/terms/" xmlns:xsi="http://www.w3.org/2001/XMLSchema-instance" xmlns:doc="http://www.lyncode.com/xoai" xsi:schemaLocation="http://www.loc.gov/MARC21/slim http://www.loc.gov/standards/marcxml/schema/MARC21slim.xsd">
   <leader>00925njm 22002777a 4500</leader>
   <datafield ind2=" " ind1=" " tag="042">
      <subfield code="a">dc</subfield>
   </datafield>
   <datafield ind2=" " ind1=" " tag="720">
      <subfield code="a">Peñaranda Calvillo, Judith Lilith</subfield>
      <subfield code="e">author</subfield>
   </datafield>
   <datafield ind2=" " ind1=" " tag="260">
      <subfield code="c">2025-07-17</subfield>
   </datafield>
   <datafield ind2=" " ind1=" " tag="520">
      <subfield code="a">This Bachelor's Thesis focuses on predictive failure analysis of aircraft hydraulic systems using only the data and resources already available within a commercial airline. The main goal is to show that it is possible to detect patterns indicating potential failures-such as hydraulic leaks-without major investments, thereby reducing operational costs and risks associated with critical events like Aircraft on Ground (AOG). The study lays the foundation for an early warning system to support predictive maintenance, based on real event analysis and existing operational data. The project highlights the value of in-depth failure study, technical system knowledge, and effective use of existing data, suggesting that further development should focus on improving data quality and analytical tools.</subfield>
   </datafield>
   <datafield ind2=" " ind1=" " tag="520">
      <subfield code="a">Este Trabajo de Fin de Grado se centra en el análisis predictivo de fallos en el sistema hidráulico de aeronaves, utilizando exclusivamente los recursos y datos ya disponibles en una aerolínea comercial. El objetivo principal ha sido demostrar que, sin realizar grandes inversiones, es posible identificar patrones que permitan anticipar ciertos fallos, como fugas hidráulicas, y reducir así costes operativos y riesgos asociados a eventos críticos como los AOG (Aircraft on Ground). En resumen, este trabajo sienta las bases para el desarrollo de un sistema de alerta temprana aplicable al mantenimiento predictivo, apoyado en el análisis detallado de eventos reales y su relación con los datos operativos disponibles. El valor principal del proyecto reside en el estudio exhaustivo de los fallos hidráulicos, el conocimiento técnico adquirido sobre el sistema y la plataforma de análisis, y la identificación de patrones útiles a partir de datos ya existentes. Aunque se ha desarrollado un primer código funcional, este representa solo una herramienta de apoyo al análisis, y no un producto final listo para implementación. Se concluye que, si la empresa decidiera avanzar con esta línea, los esfuerzos futuros deberían centrarse en mejorar el acceso a datos históricos de mayor precisión y en optimizar las herramientas analíticas, basándose en la base sólida de conocimiento generada durante este trabajo. Este proyecto tendría un impacto económico demostrado.</subfield>
   </datafield>
   <datafield ind1="8" ind2=" " tag="024">
      <subfield code="a">http://hdl.handle.net/2117/439317</subfield>
   </datafield>
   <datafield tag="653" ind2=" " ind1=" ">
      <subfield code="a">Àrees temàtiques de la UPC::Aeronàutica i espai</subfield>
   </datafield>
   <datafield tag="653" ind2=" " ind1=" ">
      <subfield code="a">Flying machines</subfield>
   </datafield>
   <datafield tag="653" ind2=" " ind1=" ">
      <subfield code="a">Failure analysis (Engineering)</subfield>
   </datafield>
   <datafield tag="653" ind2=" " ind1=" ">
      <subfield code="a">Mantenimiento predictivo</subfield>
   </datafield>
   <datafield tag="653" ind2=" " ind1=" ">
      <subfield code="a">Sistemas hidráulicos</subfield>
   </datafield>
   <datafield tag="653" ind2=" " ind1=" ">
      <subfield code="a">Predicción de fallos</subfield>
   </datafield>
   <datafield tag="653" ind2=" " ind1=" ">
      <subfield code="a">Seguridad operacional</subfield>
   </datafield>
   <datafield tag="653" ind2=" " ind1=" ">
      <subfield code="a">Optimización de mantenimiento</subfield>
   </datafield>
   <datafield tag="653" ind2=" " ind1=" ">
      <subfield code="a">Aeronaus</subfield>
   </datafield>
   <datafield tag="653" ind2=" " ind1=" ">
      <subfield code="a">Anàlisi de fallades (Enginyeria)</subfield>
   </datafield>
   <datafield ind2="0" ind1="0" tag="245">
      <subfield code="a">Análisis de fugas hidráulicas en la flota de una aerolínea: estudio de viabilidad para mantenimiento predictivo</subfield>
   </datafield>
</record></metadata></record></GetRecord></OAI-PMH>